MDQL
is popping MORE tags! Check the
thread
!
Quizzes
Events
Quiz Creation
Community
Videos
Private Events
Remove Ads
Sign In
Join for FREE
Feedback
Dark Mode
Quiz Categories
Sports
Geography
Music
Movies
Television
Just For Fun
Miscellaneous
History
Literature
Language
Science
Gaming
Entertainment
Religion
Holiday
For Kids
Quiz Lab
Recent
Popular Today
Quiz Kudos Today
Editor Picks
Curator Picks
Quizzes by...
Day
Popularity
Type
Ratings
Length
Year
Community
Subscriptions
Recent Discussions
Orange Saloon
Badges
Playlists
Quests
Create
Leaderboards
Showdown
Live 5
Trivia Bingo
Activity
Puzzle Library
Sporcle Events
Private Events
Virtual Trivia
Globe League
Become a Host
Pub Owners
SporcleCon
Opinionation
Our Games
Videos
Blog
Mobile Apps
Partnerships
Remove Ads and Go Orange
Feedback
Sports
Athletes
MLB
NBA
NHL
NFL
Soccer
Sports Teams
WWE
NCAA
Football
Premier League
Basketball
Baseball
Hockey
Golf
Tennis
Cricket
Rugby
Auto Racing
Olympics
World Cup
Sports
Athletes
MLB
NBA
NHL
NFL
Soccer
Sports Teams
WWE
NCAA
Football
Premier League
Basketball
Baseball
Hockey
Golf
Tennis
Cricket
Rugby
Auto Racing
Olympics
World Cup
Random Quiz
Search Sporcle
×
Quiz Lab
Quiz Lab
Sports
NBA
Type in answers that appear in a list
Type in answers that appear in a list
Classic
Best Score? Go Orange.
Greatest Detroit Pistons ever ( bleacher report ) Stats
Can you name the Greatest Detroit Pistons ever ( bleacher report )
By
GSwarriors10
10m
25 Questions
322 Plays
322 Plays
322 Plays
Comments
Comments
Give Quiz Kudos
Give Quiz Kudos
-
- Ratings
hide this ad
Replay
Link that replays current quiz
Next Quiz
Link to next quiz in quiz playlist
You Got
0%
They Got
Avg Score
62%
Avg Friend Score
Upgrade to see
Score Distribution
Jump to the score distribution portion of the page
Score
0/25
Timer
10:00
0
Plays Today
Rank
Player
% Correct
#1
Isiah Thomas
99.1%
#2
Joe Dumars
96.9%
#3
Ben Wallace
96.3%
#16
Rasheed Wallace
96.3%
#5
Chauncey Billups
95%
#4
Bill Laimbeer
93.5%
#9
Richard Hamilton
89.1%
#6
Dennis Rodman
87.6%
#10
Tayshaun Prince
86.3%
#14
Grant Hill
77.6%
#7
Bob Lanier
76.7%
#13
Dave Bing
73%
#11
Vinnie Johnson
67.7%
Rank
Player
% Correct
#21
Jerry Stackhouse
63.7%
#12
Mark Aguirre
60.2%
#25
Adrian Dantley
58.4%
#24
Rick Mahorn
57.1%
#15
Lindsey Hunter
36.3%
#22
Kelly Tripucka
35.4%
#8
George Yardley
32%
#19
Dave DeBusschere
30.1%
#18
John Long
21.7%
#17
Bailey Howell
16.1%
#20
Gene Shue
8.7%
#23
Curtis Rowe
5.3%
Quiz Playlist
Details
Report
Send in Message
Add To Playlist
Classic:
Type in answers that appear in a list
Quiz Source
Last Updated: Feb 16, 2017
Quiz Scoreboard
CHALLENGE
Sign Up to Join the Scoreboard
Show All
Scores
Hide
Comments
May contain spoilers
Recently Published
1-10 Letter E Words III
by El_Dandy
Language
2m
Street Fighter Characters
by Artimus82
Gaming
60s
College Basketball Coaching Resumes
by pancakes188
Sports
9m
More to Explore
Quiz From the Vault
Featured Blog Post
Where Did the Easter Bunny Come From?
hide this ad
You Might Also Like...
Tags
NBA Quiz
NBA All-Star
NBA Draft
NBA Finals
NBA Jam
NBA MVP
NBA Opening Lineups
NBA Player
NBA Playoffs
NBA Points
NBA Team Leaders
NBA Teams
Today's Top Quizzes in Sports
Browse Sports
hide this ad
Today's Top Quizzes in NBA
Browse NBA
Top Contributed Quizzes in Sports
1
2022 World Cup Stars
2
Les meilleurs buteurs des matchs entre le PSG et l’OM
3
FIFA Club World Cup Champions
4
Les entraîneurs de l'OM et du PSG au 21e siècle
5
Criteria MLB: Left Handed Sluggers
6
2023 MLB Unique Player Accomplishments
7
AFC Teams Reveal (Wrong Answers Minefield)
8
Players with Multiple 50 Home Run Seasons
9
5-to-1: FBS Animal Nicknames
10
5-to-1: UK Sports Teams
Explore More
Trending Topics
Marvel
Kpop
Disney
Anime
Crossword
NBA
Harry Potter
The Office
WWE
Song
Puzzle
Soccer
NFL
Pokémon
Country
hide this ad
More By:
GSwarriors10
Quiz
Plays
Rating
Category
Featured
Created
Greatest Boston Celtics of all time ( bleacherreport)
5,080
3.73
Sports
Jun 25, 2014
Greatest NBA players by position (all-time)
4,116
2.06
Sports
Jun 24, 2014
Greatest 25 Lakers of all time (bleacherreport)
3,637
2.69
Sports
Jun 25, 2014
Best active NBA players by position
1,513
1.55
Sports
Jun 23, 2014
25 Highest paid nba players 2014-2015
969
5.00
Sports
Aug 25, 2014
Go to Creator's Profile
Score Distribution
Quiz Creator Spotlight
GSwarriors10
Follow
Send a Message
Quizzes Created
-
Created Quiz Play Count
-
More By This Creator
Popular Quizzes Today
1
Find the US States - No Outlines Minefield
2
Find the Countries of Europe - No Outlines Minefield
3
The Countries of the World
4
Find the US States
5
Risky Map Clicking: Biggest States A-Z
6
US States
7
Popular People in 1961
8
Movies - When Are They Set?
More Sports Quizzes
NBA All-Star Starting Lineups 1990-2011
Curator's Pick
Trending Quizzes
Risky Map Clicking: Least Populous States A-Z
1-10 Letter G Words
1-10 Letter F Words
Countries of the World: 200 Million BC
Risky Map Clicking: Next State Alphabetically
Recently Updated
Most Oscar Losses (Acting)
pecheneg
Beyoncé Albums
pecheneg
Leaping Animals
pecheneg
Reality TV Shows (A-Z)
bhenderson79
Rickey Henderson's Hall of Fame Teammates
pecheneg
Champions League XIs: Arsenal
pecheneg
Quick Pick: Celebrities in WWE's Hall of Fame
aduchscher
A-Z Keypad Blitz II
pecheneg
Multiple Oscar Actors
pecheneg
Mystery Phrase Blitz: Oscar 'Best Actors'
pecheneg
Trending Topics
Crossword
Kpop
Marvel
Disney
Harry Potter
Anime
NBA
WWE
Puzzle
The Office
Song
Pokémon
NFL
Soccer
Country
Your Account Isn't Verified!
In order to create a playlist on Sporcle, you need to verify the email address you used during registration. Go to your
Sporcle Settings
to finish the process.
Report this User
Report this user for behavior that violates our
Community Guidelines
.
Details:
Send Report
Go to the Sporcle.com Mobile Site →
Comments